| 000 -LEADER |
| fixed length control field |
00884nam a22001577a 4500 |
| 003 - CONTROL NUMBER IDENTIFIER |
| control field |
OSt |
| 005 - DATE AND TIME OF LATEST TRANSACTION |
| control field |
20151005162116.0 |
| 008 - FIXED-LENGTH DATA ELEMENTS--GENERAL INFORMATION |
| fixed length control field |
151005b xxu||||| |||| 00| 0 eng d |
| 040 ## - CATALOGING SOURCE |
| Transcribing agency |
RUA |
| 082 ## - DEWEY DECIMAL CLASSIFICATION NUMBER |
| Classification number |
AVM SAN 2001 B072 Or.1 |
| 100 ## - MAIN ENTRY--PERSONAL NAME |
| 9 (RLIN) |
2071 |
| Personal name |
SANN, VATHANA. |
| 245 ## - TITLE STATEMENT |
| Title |
The effect of vitamin c supplementation on growth rate, mortality and feed conversion ration of broiler chicken in kingdom of cambodia, ឥទ្ធិពលនៃការប្រើប្រាស់វីតានីនសេ ទៅលើការលូតលាស់ អត្រាស្លាប់ និងលទ្ធភាពនៃការប្រើប្រាស់ចំណីរបស់មាន់សាសច់នៅក្នុងព្រះរាជាណាចក្រកម្ពុជា |
| 260 ## - PUBLICATION, DISTRIBUTION, ETC. (IMPRINT) |
| Place of publication, distribution, etc. |
Phnom Penh |
| Name of publisher, distributor, etc. |
RUA |
| Date of publication, distribution, etc. |
2001 |
| 300 ## - PHYSICAL DESCRIPTION |
| Extent |
x; 45p. |
| Other physical details |
ill. |
| Dimensions |
29cm. |
| 942 ## - ADDED ENTRY ELEMENTS (KOHA) |
| Source of classification or shelving scheme |
|
| Koha item type |
AVM |